País que más odia ese país. - Estadísticas

Estadísticas generales
  • Esta prueba ha sido intentada 135 veces
  • La puntuación promedio es 8 de 14
Estadísticas de respuestas
País El enemigo. % Correcto
Japón. China
80%
Estados Unidos. Irán
76%
Israel. Irán
76%
Arabia Saudita. Irán
76%
Rusia. Ucrania
72%
Siria. Israel
66%
Yemen. Arabia Saudita
59%
España. Marruecos
58%
Reino Unido. Pakistán
57%
India. Pakistán
57%
Francia. Argelia
27%
Argentina. Venezuela
26%
China. Australia
22%
Alemania. Grecia
16%
No se encontraron pruebas coincidentes
Distribución de puntuación
Porcentaje de gente con cada puntuación
Porcentaje por número respondido
Historial de tus puntuaciones
No has intentado esta prueba.